| 000 | 00417nam a2200133Ia 4500 | ||
|---|---|---|---|
| 005 | 20210429153915.0 | ||
| 008 | 210429s9999 xx 000 0 und d | ||
| 082 | _aCHM-MS AH/HN | ||
| 100 |
_aMuhmmad Ahsan _954754 |
||
| 245 | _aPrediction of Velocity &Mass Fraction Profiles of (Catalyst) Liquid &Gas in Fluid catalytic Cracking (FCC) Riser | ||
| 260 |
_aIslamabad _bSCME _c2010 |
||
| 300 | _a56P | ||
| 942 |
_2ddc _cREF |
||
| 999 |
_c561126 _d561126 |
||